00000000nem##2200000za#4500
0019.547230
003CaOODSP
00520200401023936
007aj |a|||
008150406|2009||||xxc||||   a##f  |   eng|d
020 |a978-0-660-64093-8
022 |a1915-884X
040 |aCaOODSP|beng
041 |aeng
041 |afre
043 |an-cn---
0861 |aM116-2/115G01
1101 |aCanada.|bNatural Resources Canada. |bCentre for Topographic Information.
24510|aCultus Creek, Yukon |h[cartographic material]
250 |aEd. 03, version 00
255 |aScale 1:50,000
260 |aOttawa - Ontario : |bNatural Resources Canada. |c2009.
300 |a1 sheet. : |bcoloured map ; |c71 cm.
4901 |aCanadian topographic maps |x1915-884X|v115-G/1
500 |aSeries A722. Includes a legend.
590 |a10-21|b2010-05-28
7760#|tCultus Creek, Yukon |w(CaOODSP)9.583400
792 |tCultus Creek, Yukon |efre|w(CaOODSP)9.547231
830#0|aCanadian topographic maps,|x1915-884X|v115-G/1|w(CaOODSP)9.511450